000
00277nam a2200109Ia 4500
008
230907s9999||||xx |||||||||||||| ||und||
082
_a
621.3
_b
HAM
245
0
_a
Electrotechnology practice /
260
_a
Cengage Learning,
_b
Australia :
_c
2016
300
_a
720 p.
942
_c
BK
999
_c
599885
_d
599885